[Event "Novokuznetsk Spring op"]
[Site "Novokuznetsk"]
[Date "2013.04.27"]
[Round "8"]
[White "Vorobyova, Alyona"]
[Black "Karpov, Arkadiy"]
[Result "1/2-1/2"]
[WhiteElo "2001"]
[BlackElo "2080"]
[PlyCount "85"]
[EventDate "2013.03.31"]
[EventType "swiss"]
[EventRounds "9"]
[EventCountry "RUS"]
[SourceTitle "EXT 2015"]
[Source "ChessBase"]
[SourceDate "2014.11.20"]
[SourceVersion "1"]
[SourceVersionDate "2014.11.20"]
[SourceQuality "1"]

1. e4 c5 2. c4 Nc6 3. Ne2 g6 4. d4 cxd4 5. Nxd4 Bg7 6. Be3 Nf6 7. Nc3 0-0 8. Be2 d6 9. 0-0 Bd7 10. Qd2 Ng4 11. Bxg4 Bxg4 12. f3 Bd7 13. Rfd1 Rc8 14. b3 Re8 15. Rac1 Qa5 16. Kh1 a6 17. Nde2 Ne5 18. Nf4 Bc6 19. Nfe2 h5 20. Nd4 Bd7 21. h3 Nc6 22. Qf2 Kh7 23. Nde2 f5 24. Bb6 Qe5 25. Rd5 Qf6 26. exf5 Bxf5 27. Ng3 Qh4 28. Nxf5 Qxf2 29. Bxf2 gxf5 30. Rxf5 Kg6 31. Rd5 Nb4 32. Rdd1 Bxc3 33. Rxc3 Nxa2 34. Re3 Nb4 35. Bh4 Kf7 36. Re2 b5 37. Be1 Nc6 38. cxb5 axb5 39. Rd5 Rh8 40. Bf2 Rb8 41. Be1 Rh7 42. f4 Rb7 43. g3 1/2-1/2

[Event "Novokuznetsk Spring op"]
[Site "Novokuznetsk"]
[Date "2013.04.21"]
[Round "7"]
[White "Karpov, Arkadiy"]
[Black "Shilintsev, Vladimir"]
[Result "1-0"]
[WhiteElo "2080"]
[BlackElo "1855"]
[PlyCount "57"]
[EventDate "2013.03.31"]
[EventType "swiss"]
[EventRounds "9"]
[EventCountry "RUS"]
[SourceTitle "EXT 2015"]
[Source "ChessBase"]
[SourceDate "2014.11.20"]
[SourceVersion "1"]
[SourceVersionDate "2014.11.20"]
[SourceQuality "1"]

1. Nf3 d5 2. g3 Nf6 3. Bg2 g6 4. 0-0 Bg7 5. d4 0-0 6. c4 c6 7. h3 dxc4 8. a4 Be6 9. Ng5 Bd7 10. Na3 h6 11. Nf3 Be6 12. Qc2 Bf5 13. Qxc4 Qc8 14. g4 Be6 15. Qc2 Bd5 16. Bf4 Nbd7 17. Rac1 g5 18. Bh2 Qd8 19. Nc4 Be4 20. Qb3 Nb6 21. Ncd2 Bxf3 22. Nxf3 Qd5 23. Qb4 Qe6 24. e3 Nfd5 25. Qa3 a5 26. Nd2 Nb4 27. b3 N6d5 28. Be4 Rfd8 29. Bf5 1-0